| 000 | 00794cab a2200241 4500 | ||
|---|---|---|---|
| 001 | ABS51028 | ||
| 008 | 090401t1994 xxu||||| |||| 00| 0 eng d | ||
| 035 | _a(Sirsi) u5722 | ||
| 041 | _aeng | ||
| 100 | _aCatt, R. | ||
| 245 | 2 | _aA guide to saving energy | |
| 260 | _c1994 | ||
| 350 | _a0 | ||
| 490 |
_aCSM (Chartered Surveyor Monthly) _vJuly/August 1994, 22(1) |
||
| 520 | _aSummarises a definitive report on energy efficiency aimed at designers and specifiers of new buildings, published by BRECSU, "Good Practice Guide 79: energy efficiency in new housing". | ||
| 650 | _aBRECSU | ||
| 650 | _aENERGY EFFICIENCY | ||
| 650 | _aENERGY SAVING | ||
| 650 |
_aRESIDENTIAL PROPERTY _96266 |
||
| 690 | _aBUILDING AND CONSTRUCTION-ENERGY CONSERVATION | ||
| 942 | _n0 | ||
| 948 | _c04/03/1997 | ||
| 999 |
_c3413 _d3413 |
||